[Event "3-Ð¹ Ñ�Ñ‚Ð°Ð¿ Ñ€Ð°Ð¿Ð¸Ð´ Ð“Ñ€Ð°Ð½-ÐŸÑ€Ð¸ ><ÐµÐ»Ñ�Ð±Ð¸Ð½Ñ�ÐºÐ°"]
[Site "?"]
[Date "2016.10.09"]
[Round "6.1"]
[White "Polosin, Evgeni"]
[Black "Gutenev, Alexander"]
[Result "0-1"]
[WhiteElo "2250"]
[BlackElo "2515"]
[PlyCount "166"]
[EventDate "2016.??.??"]
[WhiteClock "0:01:07"]
[BlackClock "0:00:50"]

1. e4 c5 2. Nf3 Nc6 3. Nc3 d6 4. d4 cxd4 5. Nxd4 Nf6 6. Be2 e5 7. Nxc6 bxc6 8.
O-O Be7 9. f4 O-O 10. Kh1 Be6 11. Qe1 exf4 12. Bxf4 Nd7 13. Rd1 Qc7 14. Qg3 Ne5
15. Bh6 Ng6 16. Bg5 Rad8 17. Bxe7 Qxe7 18. Bg4 Ne5 19. Bf5 g6 20. b3 Kh8 21.
Bxe6 fxe6 22. Ne2 c5 23. Nf4 Rf6 24. Nd3 Rdf8 25. Rxf6 Qxf6 26. h3 Nf7 27. Kh2
e5 28. Rd2 Kg7 29. Rf2 Qe7 30. Nb2 Ng5 31. Rxf8 Kxf8 32. Qg4 h5 33. Qc8+ Kg7
34. Qc6 Qf6 35. Nd3 h4 36. a4 a5 37. Qb5 Kh6 38. Qxa5 Nxe4 39. Qa8 Nd2 40. a5
e4 41. Nf2 Qxf2 42. Qh8+ Kg5 43. Qd8+ Kh6 44. Qh8+ Kg5 45. Qd8+ Kf4 46. Qxd6+
Ke3 47. Qxc5+ Ke2 48. Qxf2+ Kxf2 49. a6 e3 50. a7 e2 51. a8=Q e1=Q 52. Qf8+ Ke2
53. Qe7+ Kd1 54. Qxe1+ Kxe1 55. b4 Kf2 56. b5 Nc4 57. Kh1 g5 58. Kh2 Nb6 59.
Kh1 Nc4 60. Kh2 Ke3 61. Kg1 Nb6 62. Kh2 Nc4 63. Kg1 Ke2 64. Kh2 Kf2 65. Kh1 Ke3
66. Kg1 Nb6 67. Kh2 Kd4 68. g3 Ke3 69. Kg2 Ke2 70. Kg1 Kf3 71. gxh4 gxh4 72.
Kh2 Kf2 73. c3 Nc4 74. Kh1 Kg3 75. Kg1 Kxh3 76. Kh1 Kg3 77. Kg1 h3 78. Kh1 h2
79. b6 Nxb6 80. c4 Nd7 81. c5 Ne5 82. c6 Nd3 83. c7 Nf2# 0-1

[Event "3-Ð¹ Ñ�Ñ‚Ð°Ð¿ Ñ€Ð°Ð¿Ð¸Ð´ Ð“Ñ€Ð°Ð½-ÐŸÑ€Ð¸ ><ÐµÐ»Ñ�Ð±Ð¸Ð½Ñ�ÐºÐ°"]
[Site "?"]
[Date "2016.10.09"]
[Round "6.2"]
[White "Bashkov, Viacheslav"]
[Black "Kholopov, Alexander A"]
[Result "1/2-1/2"]
[WhiteElo "2210"]
[BlackElo "2162"]
[PlyCount "71"]
[EventDate "2016.??.??"]
[WhiteClock "0:02:56"]
[BlackClock "0:02:44"]

1. e4 d6 2. d4 Nf6 3. Nc3 e5 4. Nge2 Be7 5. g3 O-O 6. Bg2 c6 7. a4 Nbd7 8. O-O
Re8 9. a5 Rb8 10. h3 b5 11. axb6 axb6 12. Be3 b5 13. g4 Nb6 14. Ng3 Nc4 15. Bc1
exd4 16. Qxd4 Nd7 17. Nh5 Bf8 18. b3 Nce5 19. Be3 b4 20. Ne2 Nc5 21. Rfd1 Qb6
22. Qd2 Qc7 23. Nd4 Ned7 24. Ng3 g6 25. e5 Nxe5 26. f4 Ned7 27. Nxc6 Rb6 28.
Nxb4 Rxb4 29. Qxb4 Rxe3 30. Kh2 Bb7 31. Bxb7 Nxb7 32. Qd2 Qb6 33. Ra8 Nf6 34.
Re1 Rxe1 35. Qxe1 Nd8 36. Qg1 1/2-1/2

[Event "3-Ð¹ Ñ�Ñ‚Ð°Ð¿ Ñ€Ð°Ð¿Ð¸Ð´ Ð“Ñ€Ð°Ð½-ÐŸÑ€Ð¸ ><ÐµÐ»Ñ�Ð±Ð¸Ð½Ñ�ÐºÐ°"]
[Site "?"]
[Date "2016.10.09"]
[Round "6.3"]
[White "Nikolenko, Vadim"]
[Black "Kondrin, Alexander"]
[Result "1-0"]
[WhiteElo "2149"]
[BlackElo "2185"]
[PlyCount "157"]
[EventDate "2016.??.??"]
[WhiteClock "0:01:11"]
[BlackClock "0:00:47"]

1. d4 Nf6 2. Nf3 d5 3. g3 c6 4. c4 Bf5 5. cxd5 cxd5 6. Qb3 Qb6 7. Qxb6 axb6 8.
Nc3 Nc6 9. e3 Nb4 10. Bb5+ Bd7 11. Bxd7+ Nxd7 12. Ke2 e6 13. Bd2 Nc6 14. Nb5
Rc8 15. Rhc1 Be7 16. Rc2 f6 17. Rac1 Kf7 18. Ne1 Ra8 19. a3 g5 20. f3 h5 21. e4
g4 22. exd5 exd5 23. Be3 h4 24. fxg4 hxg3 25. hxg3 Ra5 26. Nc3 Nf8 27. Nf3 Rg8
28. Nh2 Ne6 29. Kd3 Bd6 30. Rg2 Ng5 31. Rf1 Ke6 32. Re2 Kf7 33. Bf4 Be7 34. Bc7
Bd8 35. Bxd8 Rxd8 36. Ref2 Rd6 37. Rf5 Kg7 38. Nf3 Ne7 39. Nh4 Re6 40. R5f2 Ne4
41. Nxe4 dxe4+ 42. Ke3 Rg5 43. Nf5+ Nxf5+ 44. gxf5 Rc6 45. Kxe4 Rxg3 46. Re2 b5
47. Kf4 Rb3 48. Re7+ Kf8 49. Rxb7 Rxb2 50. Rh1 Kg8 51. Rhh7 Rd6 52. Rhd7 Rxd7
53. Rxd7 Rb3 54. Rb7 Rxa3 55. Rxb5 Ra1 56. Ke4 Re1+ 57. Kd5 Kf7 58. Rb7+ Ke8
59. Kd6 Re4 60. Rb4 Kf7 61. Kd5 Re1 62. Rb7+ Ke8 63. Rb6 Kf7 64. Rb7+ Ke8 65.
Rh7 Re2 66. Kd6 Re4 67. d5 Re5 68. Rh5 Kf7 69. Kc6 Re1 70. d6 Rc1+ 71. Kd7 Kg7
72. Rh2 Rc5 73. Rf2 Kf7 74. Rf1 Ra5 75. Kc7 Rc5+ 76. Kb6 Rc2 77. Re1 Rb2+ 78.
Kc7 Rb5 79. d7 1-0

[Event "3-Ð¹ Ñ�Ñ‚Ð°Ð¿ Ñ€Ð°Ð¿Ð¸Ð´ Ð“Ñ€Ð°Ð½-ÐŸÑ€Ð¸ ><ÐµÐ»Ñ�Ð±Ð¸Ð½Ñ�ÐºÐ°"]
[Site "?"]
[Date "2016.10.09"]
[Round "6.4"]
[White "Shangin, Valery"]
[Black "Lefebr, Vladislav"]
[Result "1/2-1/2"]
[WhiteElo "2174"]
[BlackElo "2138"]
[PlyCount "128"]
[EventDate "2016.??.??"]
[WhiteClock "0:00:06"]
[BlackClock "0:00:24"]

1. d4 Nf6 2. Nf3 d5 3. Bf4 g6 4. e3 Bg7 5. Nbd2 Nh5 6. Bg5 h6 7. Bh4 g5 8. Bg3
Nxg3 9. hxg3 c5 10. c3 cxd4 11. exd4 Nc6 12. Bd3 Bg4 13. Qb3 Qd7 14. O-O O-O-O
15. Rfe1 Kb8 16. Bb5 e6 17. Qa4 a6 18. Bxc6 Qxc6 19. Qxc6 bxc6 20. Nb3 Bxf3 21.
gxf3 Bf8 22. Na5 Kc7 23. b4 h5 24. Kg2 h4 25. Rh1 Be7 26. a3 Rh7 27. Rac1 Rc8
28. c4 Kd7 29. Rc2 Bd8 30. Nb3 Bb6 31. cxd5 exd5 32. Re2 Re8 33. Rxe8 Kxe8 34.
f4 f6 35. fxg5 fxg5 36. Re1+ Kd7 37. Re5 h3+ 38. Kh2 g4 39. f3 gxf3 40. Rf5 Re7
41. Rxf3 Re4 42. Rd3 Ke6 43. Kxh3 Kf5 44. Rc3 Re6 45. Rc2 Rh6+ 46. Kg2 Ke4 47.
Rf2 Ke3 48. Rf3+ Ke2 49. Rc3 Rg6 50. Kh3 Kf2 51. Nc5 a5 52. bxa5 Bxa5 53. Rb3
Bc7 54. Nd3+ Kf1 55. Nf4 Rg8 56. Rc3 Kf2 57. Nd3+ Ke3 58. Nf4+ Kxd4 59. Rxc6
Bxf4 60. gxf4 Ke4 61. Rd6 Kf3 62. Kh4 Kxf4 63. Rxd5 Rh8+ 64. Rh5 Rh6 1/2-1/2

[Event "3-Ð¹ Ñ�Ñ‚Ð°Ð¿ Ñ€Ð°Ð¿Ð¸Ð´ Ð“Ñ€Ð°Ð½-ÐŸÑ€Ð¸ ><ÐµÐ»Ñ�Ð±Ð¸Ð½Ñ�ÐºÐ°"]
[Site "?"]
[Date "2016.10.09"]
[Round "6.5"]
[White "Vinokur, Yuliya"]
[Black "Frolov, Ivan"]
[Result "0-1"]
[WhiteElo "1950"]
[BlackElo "2398"]
[PlyCount "96"]
[EventDate "2016.??.??"]
[WhiteClock "0:00:10"]
[BlackClock "0:00:52"]

1. d4 Nf6 2. Nf3 b5 3. Bf4 e6 4. e3 c6 5. c3 d5 6. Bd3 Be7 7. Nbd2 a5 8. Ne5
Ba6 9. Qe2 Nfd7 10. Ndf3 O-O 11. h4 f5 12. Ng5 Bxg5 13. hxg5 g6 14. g4 Nxe5 15.
Bxe5 b4 16. gxf5 Bxd3 17. Qxd3 Rxf5 18. Bf6 Qe8 19. e4 dxe4 20. Qxe4 Nd7 21.
O-O-O Nxf6 22. gxf6 bxc3 23. bxc3 Rxf6 24. Rde1 Qf8 25. Qh4 Qf7 26. Rh2 Rb8 27.
Rg1 Rf4 28. Rxg6+ Qxg6 29. Qxf4 Qb1+ 30. Kd2 Rb2+ 31. Ke3 Qc1+ 32. Kf3 Qxf4+
33. Kxf4 Rxa2 34. Ke5 Rc2 35. Kxe6 Rxc3 36. Rh5 a4 37. Rg5+ Kf8 38. Rf5+ Kg7
39. Rf7+ Kg6 40. Ra7 a3 41. f4 Re3+ 42. Kd6 h5 43. Kxc6 h4 44. d5 h3 45. d6 h2
46. d7 h1=Q+ 47. Kc7 Rc3+ 48. Kb8 Qh8+ 0-1

[Event "3-Ð¹ Ñ�Ñ‚Ð°Ð¿ Ñ€Ð°Ð¿Ð¸Ð´ Ð“Ñ€Ð°Ð½-ÐŸÑ€Ð¸ ><ÐµÐ»Ñ�Ð±Ð¸Ð½Ñ�ÐºÐ°"]
[Site "?"]
[Date "2016.10.09"]
[Round "6.6"]
[White "Nurzhanov, Valikhan"]
[Black "Zasukhin, Vadim"]
[Result "1-0"]
[WhiteElo "2055"]
[BlackElo "2227"]
[PlyCount "99"]
[EventDate "2016.??.??"]
[WhiteClock "0:00:30"]
[BlackClock "0:00:09"]

1. e4 d6 2. d4 Nf6 3. Nc3 g6 4. f4 Bg7 5. Nf3 O-O 6. Be2 c5 7. d5 e6 8. O-O
exd5 9. exd5 Bf5 10. Bd3 Qd7 11. h3 Bxd3 12. Qxd3 Na6 13. a3 Rfe8 14. Be3 Nc7
15. Bf2 b5 16. b4 c4 17. Qd2 Nh5 18. Bd4 a5 19. Bxg7 Nxg7 20. Ng5 f5 21. Rfe1
axb4 22. axb4 Na6 23. Rxe8+ Qxe8 24. Re1 Qd7 25. Ne2 Re8 26. Nd4 h6 27. Nge6
Nxe6 28. dxe6 Qb7 29. Nf3 Qb6+ 30. Kh2 Nc7 31. Nd4 d5 32. c3 Kf8 33. Qe2 Qd6
34. g3 Kg7 35. Qe3 h5 36. h4 Kf6 37. Ra1 Nxe6 38. Nxb5 Qb8 39. Nd4 Nc5 40. Qg1
Ne4 41. Ra6+ Kg7 42. Ne6+ Kf7 43. Ng5+ Nxg5 44. hxg5 Re6 45. Ra7+ Re7 46. Ra6
Re2+ 47. Kh3 Qe8 48. Qd4 Re1 49. Ra7+ Ke6 50. Qf6# 1-0

[Event "3-Ð¹ Ñ�Ñ‚Ð°Ð¿ Ñ€Ð°Ð¿Ð¸Ð´ Ð“Ñ€Ð°Ð½-ÐŸÑ€Ð¸ ><ÐµÐ»Ñ�Ð±Ð¸Ð½Ñ�ÐºÐ°"]
[Site "?"]
[Date "2016.10.09"]
[Round "7.1"]
[White "Gutenev, Alexander"]
[Black "Nikolenko, Vadim"]
[Result "1-0"]
[WhiteElo "2515"]
[BlackElo "2149"]
[PlyCount "49"]
[EventDate "2016.??.??"]
[WhiteClock "0:07:19"]
[BlackClock "0:05:39"]

1. e4 c5 2. Nf3 Nc6 3. d4 cxd4 4. Nxd4 Nf6 5. Nc3 d6 6. Bg5 e6 7. Qd2 a6 8.
O-O-O Bd7 9. f4 b5 10. Bxf6 gxf6 11. Kb1 Qb6 12. Nxc6 Bxc6 13. f5 b4 14. Ne2
Bxe4 15. fxe6 fxe6 16. Nf4 d5 17. Bd3 f5 18. Bxe4 fxe4 19. Nxd5 Qd8 20. Qd4
exd5 21. Qxh8 Qd6 22. Qxh7 O-O-O 23. Rhf1 e3 24. Qh3+ Kb8 25. Qxe3 1-0

[Event "3-Ð¹ Ñ�Ñ‚Ð°Ð¿ Ñ€Ð°Ð¿Ð¸Ð´ Ð“Ñ€Ð°Ð½-ÐŸÑ€Ð¸ ><ÐµÐ»Ñ�Ð±Ð¸Ð½Ñ�ÐºÐ°"]
[Site "?"]
[Date "2016.10.09"]
[Round "7.2"]
[White "Kholopov, Alexander A"]
[Black "Polosin, Evgeni"]
[Result "1-0"]
[WhiteElo "2162"]
[BlackElo "2250"]
[PlyCount "93"]
[EventDate "2016.??.??"]
[WhiteClock "0:01:34"]
[BlackClock "0:04:33"]

1. c4 e5 2. Nc3 Nf6 3. Nf3 Nc6 4. e4 Bb4 5. d3 O-O 6. Be2 d6 7. O-O a5 8. Bg5
Ne7 9. a3 Bc5 10. d4 exd4 11. Nxd4 Nc6 12. Nc2 h6 13. Bh4 g5 14. Bg3 Ne7 15. h4
Ng6 16. hxg5 hxg5 17. Qd2 g4 18. Qh6 Qe7 19. Bd3 Re8 20. b4 Ba7 21. c5 dxc5 22.
e5 Nh7 23. Bxg6 fxg6 24. Qxg6+ Kf8 25. Nd5 Qe6 26. Nf6 Nxf6 27. exf6 Qg8 28.
Qh6+ Kf7 29. Rfe1 Bf5 30. Ne3 Be6 31. bxc5 Bxc5 32. Qh5+ Qg6 33. Qxc5 c6 34.
Nc4 Bxc4 35. Qxc4+ Kxf6 36. Qd4+ Kg5 37. Qf4+ Kh5 38. Re5+ Rxe5 39. Qxe5+ Kh6
40. Bf4+ Kh7 41. Rd1 Rf8 42. Rd7+ Rf7 43. Qc7 Qb1+ 44. Kh2 Rxd7 45. Qxd7+ Kg6
46. Qe6+ Kh7 47. Qf7+ 1-0

[Event "3-Ð¹ Ñ�Ñ‚Ð°Ð¿ Ñ€Ð°Ð¿Ð¸Ð´ Ð“Ñ€Ð°Ð½-ÐŸÑ€Ð¸ ><ÐµÐ»Ñ�Ð±Ð¸Ð½Ñ�ÐºÐ°"]
[Site "?"]
[Date "2016.10.09"]
[Round "7.3"]
[White "Frolov, Ivan"]
[Black "Bashkov, Viacheslav"]
[Result "1-0"]
[WhiteElo "2398"]
[BlackElo "2210"]
[PlyCount "65"]
[EventDate "2016.??.??"]
[WhiteClock "0:06:53"]
[BlackClock "0:01:33"]

1. e4 e6 2. c4 c5 3. Nf3 Nc6 4. Nc3 Nf6 5. d4 cxd4 6. Nxd4 Bb4 7. Nxc6 bxc6 8.
e5 Ne4 9. Qd4 f5 10. exf6 Qxf6 11. Qxf6 gxf6 12. Bd2 Nxd2 13. Kxd2 Rg8 14. a3
Bf8 15. g3 Rb8 16. Kc2 a5 17. Bd3 f5 18. Rhe1 Bg7 19. f4 Ba6 20. Bxf5 Kf7 21.
Bd3 Bxc3 22. Kxc3 a4 23. Bc2 Rgc8 24. Bxa4 d5 25. b3 c5 26. Bd7 d4+ 27. Kd2
Rxb3 28. Bxe6+ Kf6 29. Bxc8 Bxc8 30. Rab1 Rxb1 31. Rxb1 Be6 32. Rb6 Kf7 33.
Rxe6 1-0

[Event "3-Ð¹ Ñ�Ñ‚Ð°Ð¿ Ñ€Ð°Ð¿Ð¸Ð´ Ð“Ñ€Ð°Ð½-ÐŸÑ€Ð¸ ><ÐµÐ»Ñ�Ð±Ð¸Ð½Ñ�ÐºÐ°"]
[Site "?"]
[Date "2016.10.09"]
[Round "7.4"]
[White "Remizov, Yaroslav"]
[Black "Shangin, Valery"]
[Result "0-1"]
[WhiteElo "2160"]
[BlackElo "2174"]
[PlyCount "66"]
[EventDate "2016.??.??"]
[WhiteClock "0:00:13"]
[BlackClock "0:04:11"]

1. e4 c5 2. Nf3 g6 3. d4 cxd4 4. Nxd4 Nc6 5. Nc3 Bg7 6. Be3 Nf6 7. f3 O-O 8. g4
d6 9. Qd2 Be6 10. O-O-O Ne5 11. g5 Nh5 12. f4 Nc4 13. Nxe6 Nxd2 14. Nxd8 Nxf1
15. Rhxf1 Bxc3 16. Nxb7 Bxb2+ 17. Kxb2 Rab8 18. Rb1 Rxb7+ 19. Ka1 Rc7 20. Rb2
Rfc8 21. Rf2 f6 22. Bd4 Rc4 23. Bxa7 Rxe4 24. gxf6 Nxf6 25. Rb7 Nd5 26. f5 Nc3
27. Rb3 Re1+ 28. Kb2 Nd1+ 29. Ka3 Nxf2 30. Bxf2 Re2 31. Bh4 Rcxc2 32. fxg6
Rxa2+ 33. Kb4 Re4+ 0-1

[Event "3-Ð¹ Ñ�Ñ‚Ð°Ð¿ Ñ€Ð°Ð¿Ð¸Ð´ Ð“Ñ€Ð°Ð½-ÐŸÑ€Ð¸ ><ÐµÐ»Ñ�Ð±Ð¸Ð½Ñ�ÐºÐ°"]
[Site "?"]
[Date "2016.10.09"]
[Round "7.5"]
[White "Lefebr, Vladislav"]
[Black "Nurzhanov, Valikhan"]
[Result "0-1"]
[WhiteElo "2138"]
[BlackElo "2055"]
[PlyCount "92"]
[EventDate "2016.??.??"]
[WhiteClock "0:00:41"]
[BlackClock "0:04:32"]

1. e4 c5 2. Nc3 Nc6 3. f4 e6 4. Bc4 a6 5. a4 Nge7 6. e5 d5 7. exd6 Qxd6 8. d3
Nf5 9. Nf3 Be7 10. O-O O-O 11. Ne4 Qd8 12. c3 b6 13. Qe1 Bb7 14. Neg5 Kh8 15.
Bd2 h6 16. Ne4 Na5 17. Rd1 Nxc4 18. dxc4 Qd3 19. Nf2 Qxc4 20. Ng4 Qxa4 21. Nge5
Bf6 22. g4 Bxe5 23. gxf5 Bf6 24. fxe6 fxe6 25. b3 Qc6 26. c4 Rad8 27. Be3 Rxd1
28. Qxd1 Qe4 29. Bc1 Rd8 30. Qe1 Bd4+ 31. Kg2 Qc2+ 32. Kh3 Bc3 33. Qh4 Bf6 34.
Qg4 Rd3 35. Qh5 Rxf3+ 36. Rxf3 Bxf3 37. Qxf3 Qxc1 38. Qa8+ Kh7 39. Qe4+ g6 40.
Qb7+ Bg7 41. Qxb6 Qe3+ 42. Kg2 Qxf4 43. Qxe6 Qd2+ 44. Kf3 Qd3+ 45. Kg2 Qc2+ 46.
Kh3 Qf5+ 0-1

[Event "3-Ð¹ Ñ�Ñ‚Ð°Ð¿ Ñ€Ð°Ð¿Ð¸Ð´ Ð“Ñ€Ð°Ð½-ÐŸÑ€Ð¸ ><ÐµÐ»Ñ�Ð±Ð¸Ð½Ñ�ÐºÐ°"]
[Site "?"]
[Date "2016.10.09"]
[Round "7.6"]
[White "Vaseptsov, Maxim"]
[Black "Morozov, Konstantin"]
[Result "1-0"]
[WhiteElo "2258"]
[BlackElo "1931"]
[PlyCount "91"]
[EventDate "2016.??.??"]
[WhiteClock "0:00:46"]
[BlackClock "0:06:06"]

1. Nf3 Nf6 2. g3 d5 3. Bg2 b6 4. O-O Bb7 5. d3 c5 6. Nbd2 e6 7. e4 dxe4 8. Ng5
Be7 9. Ngxe4 Nxe4 10. Nxe4 Nc6 11. Qg4 O-O 12. Bh6 Bf6 13. Rae1 Rb8 14. Nxf6+
Qxf6 15. Bf4 Rbd8 16. Be4 Qe7 17. Qh5 g6 18. Qh6 f5 19. Bg5 Qg7 20. Qxg7+ Kxg7
21. Bxc6 Bxc6 22. Bxd8 Rxd8 23. Rxe6 Bd5 24. Re7+ Kf6 25. Rxa7 Re8 26. Ra6 Re6
27. a4 Bb7 28. Ra7 Bf3 29. a5 bxa5 30. Rxa5 c4 31. dxc4 Re2 32. Ra3 Be4 33. Rc3
Rd2 34. c5 Rd7 35. b4 Bc6 36. Rd3 Rc7 37. c4 Kg5 38. h4+ Kg4 39. Rc1 Be4 40.
Rd6 Kh3 41. c6 Bxc6 42. c5 f4 43. gxf4 Kxh4 44. Rxc6 Rxc6 45. b5 Rc8 46. c6 1-0

[Event "3-Ð¹ Ñ�Ñ‚Ð°Ð¿ Ñ€Ð°Ð¿Ð¸Ð´ Ð“Ñ€Ð°Ð½-ÐŸÑ€Ð¸ ><ÐµÐ»Ñ�Ð±Ð¸Ð½Ñ�ÐºÐ°"]
[Site "?"]
[Date "2016.10.09"]
[Round "8.1"]
[White "Kholopov, Alexander A"]
[Black "Gutenev, Alexander"]
[Result "1/2-1/2"]
[WhiteElo "2162"]
[BlackElo "2515"]
[PlyCount "70"]
[EventDate "2016.??.??"]
[WhiteClock "0:01:37"]
[BlackClock "0:05:19"]

1. c4 Nf6 2. Nc3 d5 3. cxd5 Nxd5 4. e4 Nxc3 5. dxc3 Nd7 6. Nf3 e5 7. Be3 Be7 8.
Bc4 O-O 9. h3 c6 10. a4 Qc7 11. O-O Nc5 12. Qc2 Be6 13. Bxe6 Nxe6 14. a5 Bc5
15. Bxc5 Nxc5 16. b4 Ne6 17. Rfd1 Rfd8 18. Rxd8+ Rxd8 19. Rd1 Rxd1+ 20. Qxd1
Kf8 21. g3 f6 22. Qd3 Ke7 23. Kf1 c5 24. Qd5 cxb4 25. cxb4 a6 26. b5 axb5 27.
Qxb5 Qd7 28. Qb4+ Kf7 29. Kg2 Qc6 30. Nd2 Nd4 31. f4 Qb5 32. Qxb5 Nxb5 33. fxe5
fxe5 34. Nc4 Ke6 35. Kf3 Nd4+ 1/2-1/2

[Event "3-Ð¹ Ñ�Ñ‚Ð°Ð¿ Ñ€Ð°Ð¿Ð¸Ð´ Ð“Ñ€Ð°Ð½-ÐŸÑ€Ð¸ ><ÐµÐ»Ñ�Ð±Ð¸Ð½Ñ�ÐºÐ°"]
[Site "?"]
[Date "2016.10.09"]
[Round "8.2"]
[White "Shangin, Valery"]
[Black "Nurzhanov, Valikhan"]
[Result "1/2-1/2"]
[WhiteElo "2174"]
[BlackElo "2055"]
[PlyCount "112"]
[EventDate "2016.??.??"]
[WhiteClock "0:00:20"]
[BlackClock "0:00:46"]

1. d4 Nf6 2. Nf3 g6 3. Bg5 Bg7 4. Nbd2 d5 5. e3 O-O 6. Bd3 h6 7. Bh4 b6 8. O-O
c5 9. Ne5 c4 10. Be2 Nfd7 11. f4 Nxe5 12. fxe5 Nc6 13. c3 g5 14. Bg3 e6 15. e4
Ne7 16. Bf3 Ng6 17. exd5 exd5 18. Nxc4 g4 19. Be2 dxc4 20. Bxc4 h5 21. Qc2 Qg5
22. Rxf7 Rxf7 23. Rf1 Nh8 24. Qe4 Rb8 25. Bxf7+ Nxf7 26. e6 Rb7 27. exf7+ Rxf7
28. Qe8+ Rf8 29. Rxf8+ Bxf8 30. Qxc8 Qc1+ 31. Kf2 Qd2+ 32. Kf1 Qd1+ 33. Be1
Qd3+ 34. Kf2 Qc2+ 35. Ke3 Qc1+ 36. Bd2 Qg1+ 37. Kd3 Qb1+ 38. Ke3 Qg1+ 39. Kd3
Qb1+ 40. Ke2 Qxb2 41. Qe6+ Kh8 42. Qe5+ Kg8 43. Qxh5 Qxa2 44. Qg6+ Bg7 45. Qxg4
Qc4+ 46. Ke1 a5 47. Qe2 Qb3 48. Qd1 Qe6+ 49. Kf2 Qf5+ 50. Kg1 Qd3 51. Qe1 b5
52. Qe8+ Kh7 53. Qh5+ Kg8 54. Qe8+ Kh7 55. Qh5+ Kg8 56. Qe8+ Kh7 1/2-1/2

[Event "3-Ð¹ Ñ�Ñ‚Ð°Ð¿ Ñ€Ð°Ð¿Ð¸Ð´ Ð“Ñ€Ð°Ð½-ÐŸÑ€Ð¸ ><ÐµÐ»Ñ�Ð±Ð¸Ð½Ñ�ÐºÐ°"]
[Site "?"]
[Date "2016.10.09"]
[Round "8.3"]
[White "Vaseptsov, Maxim"]
[Black "Frolov, Ivan"]
[Result "0-1"]
[WhiteElo "2258"]
[BlackElo "2398"]
[PlyCount "84"]
[EventDate "2016.??.??"]
[WhiteClock "0:00:27"]
[BlackClock "0:00:42"]

1. e4 c6 2. d4 d5 3. e5 Bf5 4. Nd2 e6 5. Nb3 f6 6. Nf3 Nd7 7. Be2 fxe5 8. dxe5
c5 9. O-O Qc7 10. Nh4 Ne7 11. Bg4 Qxe5 12. Nxf5 exf5 13. Re1 Qf6 14. Bf3 O-O-O
15. Qe2 c4 16. Na5 Nc6 17. Nxc6 bxc6 18. Be3 Bc5 19. Qd2 Bxe3 20. Rxe3 Rhe8 21.
c3 Nc5 22. Rae1 Rxe3 23. Qxe3 Qd6 24. b4 cxb3 25. axb3 Kb7 26. b4 Ne4 27. Ra1
Ra8 28. Be2 Qe5 29. Ra3 f4 30. Qd3 a6 31. f3 Nd6 32. Rxa6 Nc4 33. Rxa8 Kxa8 34.
Kf2 Qe3+ 35. Qxe3 Nxe3 36. g3 g5 37. Ke1 Kb7 38. Kd2 Kc7 39. Bd3 h6 40. Ke2 Kd6
41. h4 gxh4 42. gxf4 h3 0-1

[Event "3-Ð¹ Ñ�Ñ‚Ð°Ð¿ Ñ€Ð°Ð¿Ð¸Ð´ Ð“Ñ€Ð°Ð½-ÐŸÑ€Ð¸ ><ÐµÐ»Ñ�Ð±Ð¸Ð½Ñ�ÐºÐ°"]
[Site "?"]
[Date "2016.10.09"]
[Round "8.4"]
[White "Polosin, Evgeni"]
[Black "Sotnikov, Alexander I"]
[Result "1-0"]
[WhiteElo "2250"]
[BlackElo "2129"]
[PlyCount "105"]
[EventDate "2016.??.??"]
[WhiteClock "0:01:07"]
[BlackClock "0:03:19"]

1. e4 c6 2. Nc3 g6 3. d4 Bg7 4. Be3 d5 5. Nf3 dxe4 6. Nxe4 Nf6 7. Nxf6+ Bxf6 8.
Bh6 Bg4 9. c3 Qb6 10. Be2 Bxf3 11. Bxf3 Qxb2 12. O-O Qb6 13. d5 Bxc3 14. Rb1
Qc7 15. Qb3 Be5 16. Qxb7 Qxb7 17. Rxb7 Na6 18. dxc6 e6 19. Rd1 Rd8 20. Rxd8+
Kxd8 21. Rxf7 Nc7 22. g3 Kc8 23. Be3 a6 24. Be4 Bd6 25. Rd7 Rd8 26. Rxh7 Nd5
27. Bxd5 exd5 28. Ra7 Kb8 29. Rxa6 Rc8 30. Kf1 Kc7 31. Kg2 Be5 32. f4 Bc3 33.
Kf3 d4 34. Bc1 Re8 35. f5 d3 36. Bf4+ Be5 37. Bd2 gxf5 38. Ba5+ Kb8 39. Rb6+
Kc8 40. Rb3 Bc7 41. Bxc7 Kxc7 42. Rxd3 Kxc6 43. Rd2 Re4 44. h3 Ra4 45. g4 Ra3+
46. Kf4 fxg4 47. hxg4 Kc5 48. Kf5 Kc4 49. g5 Kc3 50. Rg2 Kd4 51. g6 Rf3+ 52.
Ke6 Re3+ 53. Kd6 {Kd5+} 1-0

[Event "3-Ð¹ Ñ�Ñ‚Ð°Ð¿ Ñ€Ð°Ð¿Ð¸Ð´ Ð“Ñ€Ð°Ð½-ÐŸÑ€Ð¸ ><ÐµÐ»Ñ�Ð±Ð¸Ð½Ñ�ÐºÐ°"]
[Site "?"]
[Date "2016.10.09"]
[Round "8.5"]
[White "Nikolenko, Vadim"]
[Black "Prosvirnin, Mikhail"]
[Result "1-0"]
[WhiteElo "2149"]
[BlackElo "2090"]
[PlyCount "48"]
[EventDate "2016.??.??"]
[WhiteClock "0:08:27"]
[BlackClock "0:00:10"]

1. d4 Nf6 2. Nf3 g6 3. Bf4 Bg7 4. e3 O-O 5. Be2 b6 6. O-O Bb7 7. c4 c5 8. Nc3
cxd4 9. exd4 d5 10. Re1 Nc6 11. Rc1 dxc4 12. Bxc4 Na5 13. Bf1 Nd5 14. Be5 f6
15. Bg3 Bh6 16. Rc2 Nb4 17. Rce2 Bxf3 18. gxf3 Re8 19. a3 Nd5 20. Nxd5 Qxd5 21.
Rxe7 Rxe7 22. Rxe7 Bf8 23. Rc7 a6 24. b4 Nc6 1-0

[Event "3-Ð¹ Ñ�Ñ‚Ð°Ð¿ Ñ€Ð°Ð¿Ð¸Ð´ Ð“Ñ€Ð°Ð½-ÐŸÑ€Ð¸ ><ÐµÐ»Ñ�Ð±Ð¸Ð½Ñ�ÐºÐ°"]
[Site "?"]
[Date "2016.10.09"]
[Round "8.6"]
[White "Mamontova, Anastasia"]
[Black "Zasukhin, Vadim"]
[Result "0-1"]
[WhiteElo "2028"]
[BlackElo "2227"]
[PlyCount "134"]
[EventDate "2016.??.??"]
[WhiteClock "0:00:13"]
[BlackClock "0:01:32"]

1. d4 Nf6 2. c4 e6 3. Nc3 Bb4 4. e3 O-O 5. Nge2 d5 6. a3 Be7 7. c5 a5 8. Nf4 b6
9. cxb6 cxb6 10. Bd3 Bb7 11. O-O Nbd7 12. Bc2 Re8 13. Qf3 Rc8 14. Qe2 Bd6 15.
Rd1 Nf8 16. f3 Bb8 17. Nd3 Qc7 18. g3 Ng6 19. f4 Ne4 20. Nxe4 dxe4 21. Ne1 Bd5
22. Bd2 Bc4 23. Qg2 f5 24. Rdc1 Qd7 25. b4 a4 26. Bd1 Ne7 27. h4 b5 28. g4 Ba7
29. Kh2 Nd5 30. Qg3 Bb3 31. Be2 Nb6 32. gxf5 exf5 33. Rc5 Nc4 34. Bxc4+ bxc4
35. Rxc8 Rxc8 36. Bc3 Rc6 37. Ng2 Rg6 38. Qf2 Bb6 39. Rg1 Bd8 40. Kh3 Rg4 41.
Rh1 Qf7 42. Kh2 Qh5 43. Kg1 Bd1 44. Be1 Bf3 45. Rh2 h6 46. Qc2 Bxh4 47. Bxh4
Bxg2 48. Qxc4+ Kh7 49. Rxg2 Qxh4 50. Qe2 Rg3 51. Qf2 Rxg2+ 52. Kxg2 Qg4+ 53.
Kf1 Qd1+ 54. Kg2 Qd3 55. d5 Qxd5 56. Qc2 Qb3 57. Qc1 h5 58. Kg3 Kh6 59. Kh4 Qa2
60. Kg3 Qe2 61. Qc6+ g6 62. Qc5 h4+ 63. Kh3 Kh5 64. Qa7 Qf1+ 65. Kh2 Kg4 66.
Qe7 Qf2+ 67. Kh1 Kh3 0-1

[Event "3-é ýòàï ðàïèä Ãðàí-Ïðè ×åëÿáèíñêà"]
[Site ""]
[Date "2016.10.09"]
[Round "9.2"]
[White "Shangin, Valery"]
[Black "Kholopov, Alexander A."]
[Result "0-1"]
[BlackElo "2162"]
[WhiteElo "2174"]
[LiveChessVersion "1.4.8"]

1. d4 {[%clk 0:10:05]} Nf6 {[%clk 0:10:05]} 2. Nf3 {[%clk 0:10:05]} g6
{[%clk 0:10:05]} 3. Bg5 {[%clk 0:10:05]} Bg7 {[%clk 0:10:05]} 4. Nbd2
{[%clk 0:10:05]} O-O {[%clk 0:10:05]} 5. e4 {[%clk 0:10:05]} d6 {[%clk 0:10:05]}
6. Be2 {[%clk 0:10:05]} h6 {[%clk 0:10:05]} 7. Bh4 {[%clk 0:10:05]} Nc6
{[%clk 0:09:57]} 8. c3 {[%clk 0:10:06]} e5 {[%clk 0:09:56]} 9. dxe5
{[%clk 0:10:11]} dxe5 {[%clk 0:09:59]} 10. O-O {[%clk 0:10:13]} Qe8
{[%clk 0:09:47]} 11. Re1 {[%clk 0:10:14]} Nh5 {[%clk 0:09:46]} 12. Qc2
{[%clk 0:10:06]} Nf4 {[%clk 0:09:46]} 13. Bf1 {[%clk 0:10:10]} Be6
{[%clk 0:09:30]} 14. b4 {[%clk 0:09:49]} Kh7 {[%clk 0:09:07]} 15. a4
{[%clk 0:09:42]} a5 {[%clk 0:09:06]} 16. b5 {[%clk 0:09:46]} Nd8 {[%clk 0:08:19]}
17. Bc4 {[%clk 0:09:33]} b6 {[%clk 0:08:17]} 18. Bxd8 {[%clk 0:09:12]} Rxd8
{[%clk 0:08:19]} 19. Rad1 {[%clk 0:09:08]} Qe7 {[%clk 0:08:19]} 20. g3
{[%clk 0:09:00]} Nh5 {[%clk 0:08:14]} 21. Qa2 {[%clk 0:08:39]} Bg4
{[%clk 0:08:06]} 22. Be2 {[%clk 0:08:39]} f5 {[%clk 0:07:59]} 23. exf5
{[%clk 0:08:18]} gxf5 {[%clk 0:08:00]} 24. Nc4 {[%clk 0:07:50]} e4
{[%clk 0:07:54]} 25. Nd4 {[%clk 0:07:52]} Bxe2 {[%clk 0:06:59]} 26. Qxe2
{[%clk 0:07:55]} Qf7 {[%clk 0:06:53]} 27. f3 {[%clk 0:05:11]} Rde8
{[%clk 0:05:33]} 28. fxe4 {[%clk 0:04:53]} Rxe4 {[%clk 0:05:34]} 29. Qf3
{[%clk 0:04:55]} Rxe1+ {[%clk 0:05:06]} 30. Rxe1 {[%clk 0:04:59]} Qxc4
{[%clk 0:03:15]} 31. Qxh5 {[%clk 0:05:01]} Qxc3 {[%clk 0:03:15]} 32. Nf3
{[%clk 0:04:58]} Qb4 {[%clk 0:02:30]} 33. Re6 {[%clk 0:03:57]} Qg4
{[%clk 0:02:08]} 34. Qxg4 {[%clk 0:03:50]} fxg4 {[%clk 0:02:12]} 35. Nd2
{[%clk 0:03:51]} Bd4+ {[%clk 0:02:14]} 36. Kh1 {[%clk 0:03:50]} Rf2
{[%clk 0:02:06]} 37. Ne4 {[%clk 0:03:48]} Rf1+ {[%clk 0:02:10]} 38. Kg2
{[%clk 0:03:52]} Rg1# {[%clk 0:02:14]} 0-1

[Event "3-Ð¹ Ñ�Ñ‚Ð°Ð¿ Ñ€Ð°Ð¿Ð¸Ð´ Ð“Ñ€Ð°Ð½-ÐŸÑ€Ð¸ ><ÐµÐ»Ñ�Ð±Ð¸Ð½Ñ�ÐºÐ°"]
[Site "?"]
[Date "2016.10.09"]
[Round "9.3"]
[White "Nurzhanov, Valikhan"]
[Black "Polosin, Evgeni"]
[Result "0-1"]
[WhiteElo "2055"]
[BlackElo "2250"]
[PlyCount "72"]
[EventDate "2016.??.??"]
[WhiteClock "0:01:12"]
[BlackClock "0:02:07"]

1. e4 e5 2. Nf3 Nc6 3. Bc4 Bc5 4. O-O d6 5. h3 Nf6 6. d3 h6 7. c3 Bb6 8. b4 a5
9. b5 Ne7 10. Qb3 O-O 11. a4 g5 12. Nh2 Ng6 13. Be3 Nf4 14. Bxf4 gxf4 15. Nd2
c6 16. bxc6 bxc6 17. Rab1 Bc5 18. d4 exd4 19. cxd4 Bxd4 20. Qd3 Be5 21. Ndf3
Nd7 22. Ng4 Nc5 23. Nxh6+ Kg7 24. Qa3 Nxe4 25. Nxe5 dxe5 26. Rbd1 Qg5 27. Ng4
Bxg4 28. hxg4 Rh8 29. f3 Nf6 30. Qe7 Raf8 31. Rd6 Rh6 32. Re1 e4 33. fxe4 Qc5+
34. Kf1 Rh1+ 35. Ke2 Qe3+ 36. Kd1 Rxe1+ 0-1